Introduction to probability and statistics. (Record no. 10436)
[ view plain ]
| 000 -LEADER | |
|---|---|
| fixed length control field | 01488pam a2200325 a 4500 |
| 001 - CONTROL NUMBER | |
| control field | 2996874 |
| 003 - CONTROL NUMBER IDENTIFIER | |
| control field | OSt |
| 005 - DATE AND TIME OF LATEST TRANSACTION | |
| control field | 20211007142344.0 |
| 008 - FIXED-LENGTH DATA ELEMENTS--GENERAL INFORMATION | |
| fixed length control field | 930617s1994 caua b 001 0 eng |
| 010 ## - LIBRARY OF CONGRESS CONTROL NUMBER | |
| LC control number | 93024217 |
| 020 ## - INTERNATIONAL STANDARD BOOK NUMBER | |
| International Standard Book Number | 053420886X (student ed. : acidfree recycled paper) |
| 020 ## - INTERNATIONAL STANDARD BOOK NUMBER | |
| International Standard Book Number | 0534208878 (free copy ed. : acidfree recycled paper) |
| 040 ## - CATALOGING SOURCE | |
| Original cataloging agency | DLC |
| Transcribing agency | HU |
| Modifying agency | DLC |
| 050 00 - LIBRARY OF CONGRESS CALL NUMBER | |
| Classification number | QA276 |
| Item number | .M425 1994 |
| 082 00 - DEWEY DECIMAL CLASSIFICATION NUMBER | |
| Classification number | 519.5 |
| Edition number | 20 |
| 100 1# - MAIN ENTRY--PERSONAL NAME | |
| Personal name | Mendenhall, William. |
| 9 (RLIN) | 2126 |
| 245 10 - TITLE STATEMENT | |
| Title | Introduction to probability and statistics. |
| 250 ## - EDITION STATEMENT | |
| Edition statement | 9th ed. / |
| Remainder of edition statement | William Mendenhall, Robert J. Beaver. |
| 260 ## - PUBLICATION, DISTRIBUTION, ETC. | |
| Place of publication, distribution, etc. | Belmont, Calif. : |
| Name of publisher, distributor, etc. | Duxbury Press, |
| Date of publication, distribution, etc. | c1994. |
| 300 ## - PHYSICAL DESCRIPTION | |
| Extent | xv, 704 p. : |
| Other physical details | ill. (some col.) ; |
| Dimensions | 25 cm. + |
| Accompanying material | 1 computer disk (3 1/2 in.) |
| 500 ## - GENERAL NOTE | |
| General note | System requirements for computer disk: IBM-compatible PC; DOS. |
| 500 ## - GENERAL NOTE | |
| General note | "This book has the following teaching and learning materials: instructor's resource manual, test items, study guide with student solutions, computerized testing"--Cover. |
| 504 ## - BIBLIOGRAPHY, ETC. NOTE | |
| Bibliography, etc. note | Includes bibliographical references (p. 678-682) and index. |
| 650 #0 - SUBJECT ADDED ENTRY--TOPICAL TERM | |
| Topical term or geographic name entry element | Mathematical statistics. |
| 9 (RLIN) | 3113 |
| 650 #0 - SUBJECT ADDED ENTRY--TOPICAL TERM | |
| Topical term or geographic name entry element | Probabilities. |
| 9 (RLIN) | 2312 |
| 700 1# - ADDED ENTRY--PERSONAL NAME | |
| Personal name | Beaver, Robert J. |
| 9 (RLIN) | 11302 |
| 906 ## - LOCAL DATA ELEMENT F, LDF (RLIN) | |
| a | 7 |
| b | cbc |
| c | orignew |
| d | 1 |
| e | ocip |
| f | 19 |
| g | y-gencatlg |
| 942 ## - ADDED ENTRY ELEMENTS (KOHA) | |
| Source of classification or shelving scheme | Dewey Decimal Classification |
| Koha item type | Books like text book referance book |
| Suppress in OPAC | No |
| Withdrawn status | Lost status | Source of classification or shelving scheme | Damaged status | Not for loan | Collection code | Home library | Current library | Shelving location | Date acquired | Full call number | Barcode | Date last seen | Copy number | Price effective from | Koha item type |
|---|---|---|---|---|---|---|---|---|---|---|---|---|---|---|---|
| Dewey Decimal Classification | Damaged | Reference | Wondo Genet Library | Wondo Genet Library | Book Cart | 10/07/2021 | 519.5 MEN 1994 | WGCFNRL00002159 | 10/07/2021 | 1 | 10/07/2021 | Books like text book referance book | |||
| Dewey Decimal Classification | Damaged | Reference | Wondo Genet Library | Wondo Genet Library | Book Cart | 10/07/2021 | 519.5 MEN 1994 | WGCFNRL00002160 | 10/07/2021 | 2 | 10/07/2021 | Books like text book referance book | |||
| Dewey Decimal Classification | Reference | Wondo Genet Library | Wondo Genet Library | General Stacks | 10/07/2021 | 519.5 MEN 1994 | WGCFNRL00002161 | 10/07/2021 | 3 | 10/07/2021 | Books like text book referance book | ||||
| Dewey Decimal Classification | Damaged | Reference | Wondo Genet Library | Wondo Genet Library | General Stacks | 10/07/2021 | 519.5 MEN 1994 | WGCFNRL00002162 | 10/07/2021 | 4 | 10/07/2021 | Books like text book referance book | |||
| Dewey Decimal Classification | Damaged | Reference | Wondo Genet Library | Wondo Genet Library | General Stacks | 10/07/2021 | 519.5 MEN 1994 | WGCFNRL00002163 | 10/07/2021 | 5 | 10/07/2021 | Books like text book referance book | |||
| Dewey Decimal Classification | Damaged | Reference | Wondo Genet Library | Wondo Genet Library | General Stacks | 10/07/2021 | 519.5 MEN 1994 | WGCFNRL00002164 | 10/07/2021 | 6 | 10/07/2021 | Books like text book referance book | |||
| Dewey Decimal Classification | Damaged | Reference | Wondo Genet Library | Wondo Genet Library | General Stacks | 10/07/2021 | 519.5 MEN 1994 | WGCFNRL00002165 | 10/07/2021 | 7 | 10/07/2021 | Books like text book referance book | |||
| Dewey Decimal Classification | Damaged | Reference | Wondo Genet Library | Wondo Genet Library | General Stacks | 10/07/2021 | 519.5 MEN 1994 | WGCFNRL00002166 | 10/07/2021 | 8 | 10/07/2021 | Books like text book referance book | |||
| Dewey Decimal Classification | Damaged | Reference | Wondo Genet Library | Wondo Genet Library | General Stacks | 10/07/2021 | 519.5 MEN 1994 | WGCFNRL00002167 | 10/07/2021 | 9 | 10/07/2021 | Books like text book referance book | |||
| Dewey Decimal Classification | Damaged | Reference | Wondo Genet Library | Wondo Genet Library | General Stacks | 10/07/2021 | 519.5 MEN 1994 | WGCFNRL00002168 | 10/07/2021 | 10 | 10/07/2021 | Books like text book referance book | |||
| Dewey Decimal Classification | Damaged | Reference | Wondo Genet Library | Wondo Genet Library | General Stacks | 10/07/2021 | 519.5 MEN 1994 | WGCFNRL00002169 | 10/07/2021 | 11 | 10/07/2021 | Books like text book referance book | |||
| Dewey Decimal Classification | Damaged | Reference | Wondo Genet Library | Wondo Genet Library | General Stacks | 10/07/2021 | 519.5 MEN 1994 | WGCFNRL00002170 | 10/07/2021 | 12 | 10/07/2021 | Books like text book referance book | |||
| Dewey Decimal Classification | Damaged | Reference | Wondo Genet Library | Wondo Genet Library | General Stacks | 10/07/2021 | 519.5 MEN 1994 | WGCFNRL00002171 | 10/07/2021 | 13 | 10/07/2021 | Books like text book referance book | |||
| Dewey Decimal Classification | Damaged | Reference | Wondo Genet Library | Wondo Genet Library | General Stacks | 10/07/2021 | 519.5 MEN 1994 | WGCFNRL00002172 | 10/07/2021 | 14 | 10/07/2021 | Books like text book referance book | |||
| Dewey Decimal Classification | Damaged | Reference | Wondo Genet Library | Wondo Genet Library | General Stacks | 10/07/2021 | 519.5 MEN 1994 | WGCFNRL00002173 | 10/07/2021 | 15 | 10/07/2021 | Books like text book referance book | |||
| Withdrawn | Dewey Decimal Classification | Damaged | Reference | Wondo Genet Library | Wondo Genet Library | General Stacks | 01/06/2022 | 519.5MEN 1994 | WGCFNRL00010044 | 01/06/2022 | 16 | 01/06/2022 | Books like text book referance book |